000 00298nam a22001337a 4500
008 171101b xxu||||| |||| 00| 0 eng d
020 _a9780393061222
041 _aeng
080 _a339.9
100 _a5*9
101 _aGLO
245 _aMAKING GLOBALIZATION WORK
_cJOSEPH.E
942 _2udc
_cBK
999 _c37141
_d37141